Entry Nombre personal
001 - NÚMERO DE CONTROL
- campo de control: 47768
003 - IDENTIFICADOR DE NÚMERO DE CONTROL
- campo de control: SpMaBN
005 - FECHA Y HORA DE LA ÚLTIMA TRANSACCIÓN
- campo de control: 20250804105436.0
008 - ELEMENTOS DE DATO DE LONGITUD-FIJA
- campo de control de longitud fija: 970218n| aijnnaabn |a aaa
016 ## - NÚMERO DE CONTROL DE UNA AGENCIA BIBLIOGRÁFICA NACIONAL
- Número de control del registro: BNE19970688068
024 7# - IDENTIFICADOR DE OTROS ESTÁNDARES
- Número estándar o código: http://viaf.org/viaf/37094734/
- Fuente: viaf
024 7# - IDENTIFICADOR DE OTROS ESTÁNDARES
- Número estándar o código: https://isni.org/isni/0000000059303832
- Fuente: isni
024 7# - IDENTIFICADOR DE OTROS ESTÁNDARES
- Número estándar o código: http://www.wikidata.org/entity/Q3266668
- Fuente: wikidata
040 ## - FUENTE DE CATALOGACIÓN
- Centro catalogador/agencia de origen: SpMaBN
- Lengua de catalogación: spa
- Centro/agencia transcriptor: SpMaBN
- Normas de descripción: rdc
- Convención/Normas de encabezamiento de materia/tesauro: embne
046 ## - FECHAS CON CODIFICACIÓN ESPECIAL
- Fecha de nacimiento: 1964
100 1# - ENCABEZAMIENTO-NOMBRE DE PERSONA
- Nombre de persona: Español Bouché, Luis,
- Fechas asociadas al nombre: 1964-
370 ## - LUGAR ASOCIADO
- Lugar de nacimiento: España, Madrid (Comunidad Autónoma), Madrid
373 ## - GRUPO ASOCIADO
- Grupo asociado: Ateneo de Madrid
- Período de inicio: 2020
- Fuente de información: Censo mensual de socios 2023
374 ## - OCUPACIÓN
- Ocupación: Historiadores
- Ocupación: Escritores
- Ocupación: Traductores
375 ## - GÉNERO/SEXO
- Género: Masculino
377 ## - IDIOMA ASOCIADO
- Término de lengua/lenguaje: Español
400 1# - TRAZADO DE VÉASE--NOMBRE DE PERSONA
- Nombre de persona: Español, Luis,
- Fechas asociadas al nombre: 1964-
670 ## - FUENTE DE DATOS ENCONTRADOS
- Cita de la fuente: Tres poetas alicantinos : Miguel Hernández, Vicente Mojica, Alfredo Gómez Gil, 2012
- Información encontrada: port. ([recopilación] Luis Español Bouché)
670 ## - FUENTE DE DATOS ENCONTRADOS
- Cita de la fuente: Cuentos feroces y otros relatos apocalípticos para un siglo atroz, 1996
- Información encontrada: cub. (Luis Español) v. port. (cop. Luis Español Bouché)
670 ## - FUENTE DE DATOS ENCONTRADOS
- Cita de la fuente: WWW Wikipedia, 16-2-2022
- Información encontrada: (Luis Español; Luis Español Bouché (Madrid, 31 de julio de 1964) escritor, traductor e investigador hispano-francés, autor de obras de historia y ensayo)
- Identificador Uniforme de Recursos: https://es.wikipedia.org/wiki/Luis_Espa%C3%B1ol
670 ## - FUENTE DE DATOS ENCONTRADOS
- Cita de la fuente: Información del autor, 18-9-2000
- Información encontrada: (Luis Español; n. 1964; no confundir con el autor de Estampas de la guerra, 1936)
678 ## - DATOS BIOGRÁFICOS O HISTÓRICOS
- Datos biográficos o históricos: Socio del Ateneo de Madrid n. 27672; ingresó el 9/9/2020 Fuente: Censo mensual de socios 2023
- Ampliación de la nota: Fuente: Censo mensual de socios 2023
